We Should Stop and Ask Directions - Statistics

General Stats
  • This quiz has been taken 147 times
    35 since last reset
  • The average score is 18 of 28
Answer Stats
Hint Place Name % Correct
Country South Korea
100%
Country North Korea
97%
US State North Dakota
91%
US State South Dakota
91%
US State South Carolina
85%
US State West Virginia
85%
US State North Carolina
82%
Country North Macedonia
82%
Country South Africa
82%
Country South Sudan
82%
Australian State New South Wales
76%
Australian State Western Australia
76%
Country East Timor
73%
Disputed desert territory in Africa Western Sahara
67%
"Country" (Part of a kingdom) Northern Ireland
64%
Former Country (20th Century) East Germany
58%
Australian territory Northern Territory
58%
Australian State South Australia
52%
Former Country (20th Century) South Vietnam
52%
Former Country (20th Century) West Germany
52%
Former Country (20th Century) North Vietnam
48%
Disputed territory in the mid east West Bank
48%
Canadian Territory Northwest Territories
45%
Disputed territory in the Caucasus South Ossetia
36%
Island in the Tasman Sea North Island
24%
Island in Tasman Sea South Island
24%
Former Country (20th Century) North Yemen
15%
Former Country (20th Century) South Yemen
15%
No matching quizzes found
Score Distribution
Percent of People with Each Score
Percentile by Number Answered
Your Score History
You have not taken this quiz since the last reset